Kadra reprezentacji Polski-Mistrzostwach Świata w Rosji 2018 - Statystyki

Ogólne statystyki
  • Ten quiz został rozwiązany 884 razy
  • Średni wynik to 19 z 24
Statystyki odpowiedzi
Pozycja Klub Nazwisko % Poprawnych
Bramkarz Juventus Wojciech Szczęsny
99%
Napastnik Bayern Robert Lewandowski
96%
Bramkarz Swansea Łukasz Fabiański
95%
Napastnik Napoli Arkadiusz Milik
94%
Pomocnik Napoli Piotr Zieliński
94%
Obrońca Monaco Kamil Glik
92%
Obrońca Borussia Dortmund Łukasz Piszczek
91%
Obrońca Southampton Jan Bednarek
89%
Pomocnik West Bromwich Grzegorz Krychowiak
88%
Pomocnik Hull City Kamil Grosicki
87%
Pomocnik Wolfsburg Jakub Błaszczykowski
85%
Selekcjoner Adam Nawałka
84%
Obrońca Legia Artur Jędrzejczyk
83%
Obrońca Legia Michał Pazdan
83%
Obrońca Sampdoria Bartosz Bereszyński
81%
Pomocnik Lokomotiv Moskwa Maciej Rybus
78%
Napastnik Anderlecht Łukasz Teodorczyk
77%
Pomocnik Sampdoria Karol Linetty
74%
Obrońca SPAL Thiago Cionek
74%
Pomocnik Łudogorec Jacek Góralski
58%
Napastnik Sampdoria Dawid Kownacki
57%
Bramkarz Ipswich Bartosz Białkowski
54%
Pomocnik Lechia Sławomir Peszko
50%
Pomocnik Górnik Zabrze Rafał Kurzawa
44%
Nie znaleziono quizów pasujących do podanych kryteriów
Rozkład punktacji
Procent ludzi z każdym wynikiem
Percentyl według liczby udzielonych odpowiedzi
Twoja historia wyników
Nie rozwiązałeś tego quizu